Environmental degradation on poverty reduction in Nigeria (Record no. 533033)

000 -LEADER
fixed length control field 01733nam a22001457a 4500
008 - FIXED-LENGTH DATA ELEMENTS--GENERAL INFORMATION
fixed length control field 260413b ||||| |||| 00| 0 eng d
100 ## - MAIN ENTRY--PERSONAL NAME
Personal name Taiwo, Akinlo
245 ## - TITLE STATEMENT
Title Environmental degradation on poverty reduction in Nigeria
260 ## - PUBLICATION, DISTRIBUTION, ETC. (IMPRINT)
Place of publication, distribution, etc Journal of Social and Economic Development
300 ## - PHYSICAL DESCRIPTION
Extent 27(2), Aug, 2025: p.685-705
520 ## - SUMMARY, ETC.
Summary, etc Nigeria’s economy is the largest in Africa and relies heavily on oil exports. However, the excessive exploitation of oil has also brought many environmental problems. Likewise, poverty has become a menace over the years in Nigeria. How to deal with the relationship between poverty reduction and the environment is a realistic challenge to sustainable development. This study examines the nexus between poverty reduction and environmental degradation in Nigeria through the use of the autoregressive distributed lag technique, using data from 1986 to 2020. The cointegration test confirmed a long-run relationship among the variables. The regression results indicate a trade-off between environmental degradation and poverty reduction in the long-run and short-run. This is a situation where higher environmental degradation is necessary for poverty reduction, while an increase in poverty reduction increases environmental degradation. This study recommends that policymakers in Nigeria need to encourage investment in technology-intensive and environment-friendly industries which will enhance environmental quality without increasing poverty.-Reproduced

https://link.springer.com/article/10.1007/s40847-024-00348-2
650 ## - SUBJECT ADDED ENTRY--TOPICAL TERM
Topical term or geographic name as entry element ARDL, Poverty reduction, Environmental degradation, Nigeria
9 (RLIN) 60101
773 ## - HOST ITEM ENTRY
Main entry heading Journal of Social and Economic Development
942 ## - ADDED ENTRY ELEMENTS (KOHA)
Item type Articles
Holdings
Withdrawn status Lost status Source of classification or shelving scheme Damaged status Not for loan Permanent location Current location Date acquired Serial Enumeration / chronology Barcode Date last seen Koha item type
          Indian Institute of Public Administration Indian Institute of Public Administration 2026-04-13 27(2), Aug, 2025: p.685-705 AR138545 2026-04-13 Articles

Powered by Koha